000 01966cam a22004694i 4500
003 PE-LiUPU
005 20250731173303.0
008 150625s r 000 0 d
020 _a8482670689
035 _a(Sirsi) i9788482670683
040 _aPE-LiUPU
_bspa
_cPE-LiUPU
_erda
049 _aPRUA
082 0 4 _a221.6
_bF38
_221
100 1 _aFernández, Pablo de Felipe,
_eautor.
245 1 0 _aDe la cábala a.. El código secreto de la Biblia /
_cPablo de Felipe Fernández.
264 1 _aBarcelona :
_bClie,
_c1999.
300 _a110 páginas :
_bilustraciones, figuras, tablas ;
_c20 centímetros
336 _atext
_2rdacontent
337 _aunmediated
_2rdamedia
338 _avolume
_2rdacarrier
504 _aIncluye referencias bibliofráficas al píe de algunas páginas.
505 0 _aLa Biblia y la Cábala. -Algunas características de la lengua hebrea. -Tradiciones hermenéuticas y metodología de la cábala. -La cábala como filosofía. -El ocultismo y la magia cabalista. -Modernos cálculos cabalistas, entre esoterismo y apologética. -¿Hay realmente cábalas en la Bblia?. -Cabalismo informatizado o "El código secreto de la Biblia " de Michael Drosnin. -Conclusiones.
526 _aSEG42
526 _aSEG41
526 _aSEG40
526 _aSEG39
526 _aP94
526 _aP87
526 _aP86
526 _aP85
526 _aP77
526 _aP76
526 _aP35
541 _g001-0014464;
650 0 4 _aCábala.
650 0 4 _aCódigos y claves en la Biblia.
942 _2ddc
_cBOOK
949 _a221.6 F38
_wDEWEY
_c1
_i55559
_lCCODEBUL1
_mBUL
_p8.00
_r0
_sY
_tBOOK
_u2015-6-25
_xTEOLOGIA
_zUNKNOWN
_0COMPRA
_o.STAFF. Colección General
994 _aC0
_bPEPRU
596 _a1
999 _a221.6 F38
_wDEWEY
_c44432
_i55559
_f2021-11-9
_g5
_lCCODEBUL1
_mBUL
_p8.00
_r0
_sY
_tBOOK
_u2015-6-25
_xTEOLOGIA
_zUNKNOWN
_0COMPRA
_o.STAFF. Colección General
_d44432
980 _81
_gALBERTO SANCHEZ Responsable de Automatización